| 000 | 00395nam a2200157Ia 4500 | ||
|---|---|---|---|
| 008 | 230312s9999||||xx |||||||||||||| ||und|| | ||
| 020 | _a81-7722-045-4 | ||
| 082 |
_a005.133 _bBRO-J |
||
| 100 | _aBrogden Bill | ||
| 245 | 0 | _aJava 2 | |
| 260 |
_bDreamtech Press _aNew Dlehi _c2000 |
||
| 300 | _a538 | ||
| 546 | _aEng. | ||
| 650 |
_aComputer _vJava Design Principles , History of Java |
||
| 942 | _cBK | ||
| 999 |
_c3195 _d3195 |
||